Добре дошли в маймунарника (Запис номер 3256)
[ съкратено ]
| 000 -Лидер | |
|---|---|
| Контролно поле с фиксирана дължина | 01482nam a2200325 c 4500 |
| 003 - Код на организацията, давaща контролен номер | |
| Контролно поле | BLK |
| 005 - Дата и час на последна редакция | |
| Контролно поле | 20240403165453.0 |
| 008 - Елементи от данни с фиксирана дължина | |
| fixed length control field | 180412b bul|||||r ||||||| ||bul|| |
| 010 ## - Наследен системен номер | |
| LC control number | KNG00004325000 |
| 040 ## - Източник на каталожния запис | |
| Идентификатор на билиотеката - собственик на записа | BLK |
| 041 ## - Код за език | |
| Код за езика на текст/звукозапис или на отделно заглавие | Български |
| Код за езика КДБФ | Български |
| 080 ## - УДК | |
| Текстов определител УДК | Американска литература (на САЩ) |
| УДК код - определител по УДК | 821.111(73) |
| УДК определител | -32 |
| УДК - код + определител | 821.111(73)-32 |
| 100 1# - Редна дума - Автор | |
| Автор | Вонегът, Кърт |
| Авторска отговорност | първи автор |
| R(LIN) | 243619 |
| 139 ## - Редно поле | |
| Редна дума | Вонегът, Кърт |
| Авторски знак | Волт - В 83 |
| 245 10 - Сведения за заглавието | |
| Заглавие | Добре дошли в маймунарника |
| Подзаглавни данни | Сб. разкази |
| Редно поле (дума) | Кърт Вонегът; прев. от англ. Людмила Владимирова Верих; прев. от англ. Владимир Милчев Германов. |
| 257 ## - Страна на издаване | |
| Страна на създаване/издаване | Съединени американски щати |
| 260 ## - Област на издателските данни | |
| -- | София |
| Име на издателя, разпространителя и проч. | Весела Люцканова |
| Година на издаване | 1994 |
| Печатница | Враца : Полипринт |
| 300 ## - Физическа характеристика | |
| Страници | 287 с. |
| Размери/Мащаб | 20 см |
| 380 ## - Жанр | |
| Жанр | Худож. лит. |
| 500 ## - Общи забележки | |
| Забележка | Ориг. загл. Welcome to the Monkey House / Kurt Vonnegut. - 6 000 тир. |
| 653 ## - Ключова дума – ненормативна | |
| Ключова дума | разкази |
| 700 1# - Други автори (авторска отговорност) | |
| Лично име | Верих, Людмила Владимирова |
| Автороска отговорност (Описва отношението между автора и произведението) | прев. от англ. |
| Друга информация | Верих-Шомова, Людмила Владимирова |
| 9 (RLIN) | 363548 |
| 700 ## - Други автори (авторска отговорност) | |
| Лично име | Германов, Владимир Милчев |
| Дати, свързани с автора | 1958- |
| 9 (RLIN) | 365098 |
| 852 ## - Местоположение | |
| Форматна сигнатура | Цб 181593 |
| 856 4# - Електронен адрес и достъп | |
| Електронен формат | pdf - файл |
| Път до файла /url/ | |
| 856 4# - Електронен адрес и достъп | |
| Електронен формат | pdf - файл |
| Път до файла /url/ | |
| 942 ## - АРТИКУЛИ | |
| Вид на библиотечния материал | Книги |
| Скрит в OPAC | Не |
| Koha issues (borrowed), all copies | 7 |
| 944 ## - СЪЗДАВАНЕ И РЕДАКЦИЯ на ЗАПИСА | |
| Създаване/Редакция | Създаване |
| Дата на регистрацията/редакция | 15.01.2003 |
| Статус, дата на статуса | Минев Младен |
| Служител, извършил регистрацията/редакцията | 30530 |
| 944 ## - СЪЗДАВАНЕ И РЕДАКЦИЯ на ЗАПИСА | |
| Създаване/Редакция | Редакция |
| Дата на регистрацията/редакция | 24.10.2016 |
| Статус, дата на статуса | ф / |
| Служител, извършил регистрацията/редакцията | Людмила_Стоянова |
| 999 ## - СИСТЕМНИ КОНТРОЛНИ НОМЕРА | |
| Koha biblionumber | 3256 |
| Koha biblioitemnumber | 3256 |
| Код за отписване | Код за изгубен артикул | Източник на класификационната схема | Код за повреда | Коз за рестрикции | Код за отдаване | Артикулен № | Име на библиотеката - собственик | Име на библиотеката, в която се намира в момента | Статус (Текущо местоположение) | Дата на вписване в системата | Местоположение - отдел | Цена в лева | Инвентарен номер | Систематично азбучна сигнатура | Баркод | Номер на екземпляра | Цена в евро | Служебна бележка | Служебен тип на артикула |
|---|---|---|---|---|---|---|---|---|---|---|---|---|---|---|---|---|---|---|---|
| Изтеглен | Не е изгубен | Universal Decimal Classification | Не е повреден | без рестрикции | заемане за дома | 5912 | Регионална библиотека "Любен Каравелов" Русе | Регионална библиотека "Любен Каравелов" Русе | Заемна - подръчен фонд | 2001-01-01 | Заемна - подръчен фонд | 0.77 | 612670 | П 820(83)-31/В 83 | 612670 | 1 | 0.39 | Дост: Pk Вид: Ф N: стар фонд Дата: 01.01.2001 | Книги |
| Изтеглен | Не е изгубен | Universal Decimal Classification | Не е повреден | без рестрикции | заемане за дома | 5913 | Регионална библиотека "Любен Каравелов" Русе | Регионална библиотека "Любен Каравелов" Русе | Заемна - подръчен фонд | 2005-06-28 | Заемна - подръчен фонд | 4.50 | 120000695186 | П 820(73)-31/В 83 | 120000695186 | 2 | 2.30 | Дост: DA Вид: А N: 16 Дата: 27.06.2005 | Книги |
| Не е изгубен | Universal Decimal Classification | Не е повреден | без рестрикции | ползва се в читалня | 5914 | Регионална библиотека "Любен Каравелов" Русе | Регионална библиотека "Любен Каравелов" Русе | Хранилище | 2001-01-01 | Хранилище | 1.10 | 606886 | Цб 181593 | 120000606886 | 3 | 0.56 | Дост: Dp Вид: Д N: стар фонд Дата: 01.01.2001 Дата инв: 28.01.2015 Бележки инв: Цб2015 | Книги | |
| Не е изгубен | Universal Decimal Classification | Не е повреден | без рестрикции | заемане за дома | 5915 | Регионална библиотека "Любен Каравелов" Русе | Регионална библиотека "Любен Каравелов" Русе | Заемна - подръчен фонд | 2016-08-24 | Заемна - подръчен фонд | 12.00 | 120000803184 | П 821-31/В 83 | 120000803184 | 4 | 6.14 | Дост: DA Вид: А N: 32 Дата: 24.08.2016 Дата инв: 14.02.2018 Бележки инв: П2018 | Книги |